00654nam a2200205Ia 4500999001700000020001500017082002000032245005300052260002700105300001400132440003100146504001900177650002600196650002600222700002200248700002100270700001700291942001200308952012800320 c10185d10185 a8185182566 aRR 332.042 ADJ- 0aAdjustment and liberalization in the third world aNew DelhibIndusc1991 av.12, 855 aNew world order series; 12 aincludes index aInternational Finance aStructural Adjustment aTandon, Rameshwar aHatti, Neelambar aSinger, H.W. cBK2ddc 001040708DGaNASSDOCbNASSDOCd2016-12-30i2005-03-16l0oRR 332.042 ADJ-pDG000253r2019-04-18 00:00:00w2019-04-18yBK